000 00843cam a2200229 4500
001 WB3606-09
008 000000n2000 000 0 eng u
035 _a(Sirsi) u104113
245 _aDublin office market
260 _c2000
490 _aIrish Times
_v9 February 2000, 2(1)
520 _aThe number of out-of-town office developments in the pipeline means that supply will soon exceed demand in the suburbs of Dublin. In contrast, rents in the city are rising as demand continues to outstrip supply.
590 _aWB
650 _aDUBLIN
650 _aREPUBLIC OF IRELAND
650 _aPROPERTY-COMMERCIAL PROPERTY-OFFICE PROPERTY-OFFICE PROPERTY MARKET
650 _aSUPPLY AND DEMAND
650 _aOFFICE RENTS
650 _aAVAILABILITY
690 _aPROPERTY-COMMERCIAL PROPERTY-COMMERCIAL PROPERTY MARKET
942 _n0
999 _c62488
_d62488